000 01040nam a2200313Ia 4500
001 Z_5629
003 CHAP
008 220113s2008 xx 000 0 und d
010 _a168728
040 _cCHAP
090 _aTesis V 2068
100 _aValencia Franco, Edgar
_9117408
245 _aProyecto para la engorda de corderos en la Delegación Milpa alta, Distrito Federal (Documento de titulación por la opción de formulación o evaluación de proyectos) /
_cEdgar Valencia Franco
260 _aChapingo, Méx. :
_bEl autor,
_c2008
300 _a59 h.
502 _aTesis (Ing. Agr. Zootecnista) -- UACH. Departamento de Zootecnia
650 _aCorrales
_928195
650 _aGanado lanar
_x Alimentación
_945153
650 _aGanado lanar
_xAspectos económicos
_945157
650 _aGanado lanar
_xEngorda
_945175
650 _aIndicadores de desarrollo
_957563
650 _aProyectos
_xEvaluación
_992525
901 _aTESIS V 2068
902 _aM
910 _a2008
942 _c2
942 _c2
999 _c168728
_d168728